| 000 | 00901nam a2200301 i 4500 | ||
|---|---|---|---|
| 001 | 000028199 | ||
| 003 | DO-SdBNP | ||
| 005 | 20260127112220.0 | ||
| 007 | ta | ||
| 008 | 110407s2011 dr 001 0 spa d | ||
| 020 | _a9789945854756 | ||
| 040 |
_aDO-SdBNP _bspa _cBNPHU _erda |
||
| 082 | 4 |
_a158.1 _bH632n, 2010 _222 |
|
| 100 | 1 |
_aHidalgo, Saulo _9386 _eautor |
|
| 245 | 1 | 0 |
_aNo te rindas / _cSaulo Hidalgo. |
| 250 | _a3ª edición | ||
| 264 |
_aSanto Domingo : _bSerigraf, _c2011. |
||
| 300 |
_a264 páginas ; _c22 cm. |
||
| 336 |
_2rdacontent _atexto _btxt |
||
| 337 |
_2rdamedia _asin mediación _bn |
||
| 338 |
_2rdacarrier _avolumen _bnc |
||
| 590 | _aInventariado, 2018/MFF | ||
| 650 | 7 |
_aAutorrealización (Psicología) _9211 _2LEMB |
|
| 650 | 7 |
_aAutoestima _9212 _2LEMB |
|
| 650 | 7 |
_aConducta de vida _911947 _2LIBRUNAM |
|
| 910 | _aValidado. Control de calidad EMS | ||
| 942 |
_2ddc _cLBS1 |
||
| 999 |
_c27691 _d27691 |
||